<?xml version="1.0" encoding="UTF-8"?><?xml-stylesheet type="text/xsl" href="static/style.xsl"?><OAI-PMH xmlns="http://www.openarchives.org/OAI/2.0/" xmlns:xsi="http://www.w3.org/2001/XMLSchema-instance" xsi:schemaLocation="http://www.openarchives.org/OAI/2.0/ http://www.openarchives.org/OAI/2.0/OAI-PMH.xsd"><responseDate>2026-04-13T07:03:42Z</responseDate><request verb="GetRecord" identifier="oai:www.recercat.cat:11351/11800" metadataPrefix="marc">https://recercat.cat/oai/request</request><GetRecord><record><header><identifier>oai:recercat.cat:11351/11800</identifier><datestamp>2025-10-24T10:37:07Z</datestamp><setSpec>com_2072_378070</setSpec><setSpec>com_2072_378040</setSpec><setSpec>col_2072_378092</setSpec></header><metadata><record xmlns="http://www.loc.gov/MARC21/slim" xmlns:dcterms="http://purl.org/dc/terms/" xmlns:xsi="http://www.w3.org/2001/XMLSchema-instance" xmlns:doc="http://www.lyncode.com/xoai" xsi:schemaLocation="http://www.loc.gov/MARC21/slim http://www.loc.gov/standards/marcxml/schema/MARC21slim.xsd">
   <leader>00925njm 22002777a 4500</leader>
   <datafield ind2=" " ind1=" " tag="042">
      <subfield code="a">dc</subfield>
   </datafield>
   <datafield ind2=" " ind1=" " tag="720">
      <subfield code="a">Pasquali, Sandro</subfield>
      <subfield code="e">author</subfield>
   </datafield>
   <datafield ind2=" " ind1=" " tag="720">
      <subfield code="a">Vallacchi, Viviana</subfield>
      <subfield code="e">author</subfield>
   </datafield>
   <datafield ind2=" " ind1=" " tag="720">
      <subfield code="a">Lalli, Luca</subfield>
      <subfield code="e">author</subfield>
   </datafield>
   <datafield ind2=" " ind1=" " tag="720">
      <subfield code="a">Collini, Paola</subfield>
      <subfield code="e">author</subfield>
   </datafield>
   <datafield ind2=" " ind1=" " tag="720">
      <subfield code="a">Barisella, Marta</subfield>
      <subfield code="e">author</subfield>
   </datafield>
   <datafield ind2=" " ind1=" " tag="720">
      <subfield code="a">Romagosa, Cleofé</subfield>
      <subfield code="e">author</subfield>
   </datafield>
   <datafield ind2=" " ind1=" " tag="260">
      <subfield code="c">2024-07-31T08:20:05Z</subfield>
   </datafield>
   <datafield ind2=" " ind1=" " tag="260">
      <subfield code="c">2024-07-31T08:20:05Z</subfield>
   </datafield>
   <datafield ind2=" " ind1=" " tag="260">
      <subfield code="c">2024-07-16</subfield>
   </datafield>
   <datafield ind2=" " ind1=" " tag="520">
      <subfield code="a">Anthracycline; Neoadjuvant chemotherapy; Soft tissue sarcomas</subfield>
   </datafield>
   <datafield ind2=" " ind1=" " tag="520">
      <subfield code="a">Antraciclina; Quimioterapia neoadyuvante; Sarcomas de tejidos blandos</subfield>
   </datafield>
   <datafield ind2=" " ind1=" " tag="520">
      <subfield code="a">Antraciclina; Quimioteràpia neoadjuvant; Sarcomes de teixits tous</subfield>
   </datafield>
   <datafield ind2=" " ind1=" " tag="520">
      <subfield code="a">Background: Anthracycline-based neoadjuvant chemotherapy (NAC) may modify tumour immune infiltrate. This study characterized immune infiltrate spatial distribution after NAC in primary high-risk soft tissue sarcomas (STS) and investigate association with prognosis.&#xd;
Methods: The ISG-STS 1001 trial randomized STS patients to anthracycline plus ifosfamide (AI) or a histology-tailored (HT) NAC. Four areas of tumour specimens were sampled: the area showing the highest lymphocyte infiltrate (HI) at H&amp;E; the area with lack of post-treatment changes (highest grade, HG); the area with post-treatment changes (lowest grade, LG); and the tumour edge (TE). CD3, CD8, PD-1, CD20, FOXP3, and CD163 were analyzed at immunohistochemistry and digital pathology. A machine learning method was used to generate sarcoma immune index scores (SIS) that predict patient disease-free and overall survival (DFS and OS).&#xd;
Findings: Tumour infiltrating lymphocytes and PD-1+ cells together with CD163+ cells were more represented in STS histologies with complex compared to simple karyotype, while CD20+ B-cells were detected in both these histology groups. PD-1+ cells exerted a negative prognostic value irrespectively of their spatial distribution. Enrichment in CD20+ B-cells at HI and TE areas was associated with better patient outcomes. We generated a prognostic SIS for each tumour area, having the HI-SIS the best performance. Such prognostic value was driven by treatment with AI.&#xd;
Interpretation: The different spatial distribution of immune populations and their different association with prognosis support NAC as a modifier of tumour immune infiltrate in STS.</subfield>
   </datafield>
   <datafield ind2=" " ind1=" " tag="520">
      <subfield code="a">Pharmamar; Italian Ministry of Health [RF-2019-12370923; GR-2016-02362609]; 5 × 1000 Funds—2016, Italian Ministry of Health; AIRC Grant [ID#28546].</subfield>
   </datafield>
   <datafield ind1="8" ind2=" " tag="024">
      <subfield code="a">http://hdl.handle.net/11351/11800</subfield>
   </datafield>
   <datafield tag="653" ind2=" " ind1=" ">
      <subfield code="a">Sarcoma - Tractament</subfield>
   </datafield>
   <datafield tag="653" ind2=" " ind1=" ">
      <subfield code="a">Tumors de parts toves - Tractament</subfield>
   </datafield>
   <datafield tag="653" ind2=" " ind1=" ">
      <subfield code="a">Limfòcits</subfield>
   </datafield>
   <datafield tag="653" ind2=" " ind1=" ">
      <subfield code="a">Avaluació de resultats (Assistència sanitària)</subfield>
   </datafield>
   <datafield tag="653" ind2=" " ind1=" ">
      <subfield code="a">DISEASES::Neoplasms::Neoplasms by Site::Soft Tissue Neoplasms</subfield>
   </datafield>
   <datafield tag="653" ind2=" " ind1=" ">
      <subfield code="a">Other subheadings::Other subheadings::Other subheadings::/drug therapy</subfield>
   </datafield>
   <datafield tag="653" ind2=" " ind1=" ">
      <subfield code="a">ANALYTICAL, DIAGNOSTIC AND THERAPEUTIC TECHNIQUES, AND EQUIPMENT::Therapeutics::Combined Modality Therapy::Neoadjuvant Therapy</subfield>
   </datafield>
   <datafield tag="653" ind2=" " ind1=" ">
      <subfield code="a">DISEASES::Neoplasms::Neoplasms by Histologic Type::Neoplasms, Connective and Soft Tissue::Sarcoma</subfield>
   </datafield>
   <datafield tag="653" ind2=" " ind1=" ">
      <subfield code="a">ANATOMY::Cells::Blood Cells::Leukocytes::Leukocytes, Mononuclear::Lymphocytes::Lymphocytes, Tumor-Infiltrating</subfield>
   </datafield>
   <datafield tag="653" ind2=" " ind1=" ">
      <subfield code="a">ANALYTICAL, DIAGNOSTIC AND THERAPEUTIC TECHNIQUES, AND EQUIPMENT::Diagnosis::Prognosis::Treatment Outcome</subfield>
   </datafield>
   <datafield tag="653" ind2=" " ind1=" ">
      <subfield code="a">ENFERMEDADES::neoplasias::neoplasias por localización::neoplasias de los tejidos blandos</subfield>
   </datafield>
   <datafield tag="653" ind2=" " ind1=" ">
      <subfield code="a">Otros calificadores::Otros calificadores::Otros calificadores::/farmacoterapia</subfield>
   </datafield>
   <datafield tag="653" ind2=" " ind1=" ">
      <subfield code="a">TÉCNICAS Y EQUIPOS ANALÍTICOS, DIAGNÓSTICOS Y TERAPÉUTICOS::terapéutica::tratamiento combinado::tratamiento neoadyuvante</subfield>
   </datafield>
   <datafield tag="653" ind2=" " ind1=" ">
      <subfield code="a">ENFERMEDADES::neoplasias::neoplasias por tipo histológico::neoplasias de tejido conjuntivo y de tejidos blandos::sarcoma</subfield>
   </datafield>
   <datafield tag="653" ind2=" " ind1=" ">
      <subfield code="a">ANATOMÍA::células::células sanguíneas::leucocitos::leucocitos mononucleares::linfocitos::linfocitos infiltrantes de tumor</subfield>
   </datafield>
   <datafield tag="653" ind2=" " ind1=" ">
      <subfield code="a">TÉCNICAS Y EQUIPOS ANALÍTICOS, DIAGNÓSTICOS Y TERAPÉUTICOS::diagnóstico::pronóstico::resultado del tratamiento</subfield>
   </datafield>
   <datafield ind2="0" ind1="0" tag="245">
      <subfield code="a">Spatial distribution of tumour immune infiltrate predicts outcomes of patients with high-risk soft tissue sarcomas after neoadjuvant chemotherapy</subfield>
   </datafield>
</record></metadata></record></GetRecord></OAI-PMH>